000 10951 a2200697 4500
008 090318t xxu||||| |||| 00| 0 eng d
010 _aB-286055-095
020 _c140.00
_a8183570194
035 _aB-286055-095
037 _bयूनीक पब्लिशर्स
040 _adpl
_bHN
082 _a954
245 _aभारतीय इतिहासः 2008 /
_bजे.के.चोपड़ा
260 _aनई दिल्ली
_bयूनीक पब्लिशर्स
_c2008
270 _a4574/15, पदम चन्द मार्ग अंसारी रोड़,दरियागंज
_bनई दिल्ली
_e110002
300 _aवि.पृ,
_c24सेमी (अजिल्द)
700 _aचोपड़ा, जे.के.
942 _adpl
_cHN
_2ddc
_h954
_mभारती
999 _c12991
_d12991